1536 1417 1023 1707 1356 1565 1580 1055 1916 1674 1492 1351 1549 1226 1034 1032 1459 1718 1151 1902 1913 1570 1935 1629 1940 1498 1551 1471 1452 1381 1705 1057 1864 1648 1199 1522 1016 1605 1717 1802 1537 1087 1148 1188 1255 1087 1984 1125 1921 1862 1322 1232 1476 1290 1071 1850 1391 1697 1495 1140 1455 1712 1373 1285 1610 1413 1532 1271 1483 1201 1653 1162 1988 1584 1744 1233 1953 1637 1782 1619 1070 1323 1679 1609 1155 1717 1861 1852 1738 1331 1160 1680 1510 1439 1239 1682 1090 1911 1600 BCNSPRNW ULIB Ver.6.0+V

เปลี่ยนเป็นภาษาไทย

Change to English
 แสดงรายละเอียดบรรณานุกรม
  กลับหน้าหลัก

Brief Record : Get Marc (ISO 2709) : E-mail record : QR code < ปิดหน้าต่าง
LEADER : 00000nam 2200000uu 4500
001    13399109083
003     ULIB
008    110321s2543||||th 000 0 tha d
020    9743461011
060  4 WY18^bอ346ก 2543
100 0  อรพรรณ ลือบุญธวัชชัย
110 1  จุฬาลงกรณ์มหาวิทยาลัย^bคณะพยาบาลศาสตร์
245 00 การคิดอย่างมีวิจารณญาณ:การเรียนการสอนทางการพยาบาลศาสตร์/^cอรพรรณ ลือบุญธวัชชัย
260    กรุงเทพฯ:^bจุฬาลงกรณ์มหาวิทยาลัย,^c2543
300    110 หน้า
650  7 การศึกษาทางการพยาบาล
650  7 การคิดอย่างมีวิจารณญาณกับการพยาบาล
945    ^p120^l0^i014005
945    ^p120^l0^i014004
945    ^p120^l0^i014003
945    ^p120^l0^i013025
945    ^p120^l0^i012913
945    ^p120^l0^i012912
945    ^p120^l0^i012911
945    ^p120^l0^i012910
945    ^p120^l0^i012908
945    ^p120^l0^i012907
945    ^p120^l0^i012906
945    ^p120^l0^i012914
945    ^p120^l0^i012909
995    ทศพร
999 ^a ใช้งานได้ทุกระบบ
รายการนี้ยังไม่มีแท็ก
คุณยังไม่ได้ล็อกอิน คุณสามารถมีกิจกรรมร่วมกับเว็บไซต์ได้ แต่ต้องล็อกอินก่อน ::
  ล็อกอิน

รายการสื่อสารสนเทศ

ลำดับที่ ประเภท เลขเรียก/บาร์โค้ด สถานที่ สถานะ
- ไม่พบข้อมูล -

รายการใกล้เคียง
    ผู้แต่ง [อรพรรณ ลือบุญธวัชชัย]

BibComment


ยังไม่เคยถูกคอมเมนท์

คอมเมนท์ทรัพยากรรายการนี้
  คอมเมนท์: การคิดอย่างมีวิจา..


 Copyright 2026. Bcnsprnw @Library